All YHLQMDLG Songs - Statistics

General Stats
  • This quiz has been taken 10 times
  • The average score is 16 of 20
Answer Stats
Answer % Correct
Esta Cabron Ser Yo
100%
La Santa
100%
Safaera
100%
Solia
100%
25/8
89%
<3
89%
Yo Perreo Sola
89%
Bichiyal
78%
Hablamos Mañana
78%
La Dificil
78%
La Zona
78%
Pero Ya No
78%
Si Veo a Tu Mama
78%
Una Vez
78%
A Tu Merced
67%
Ignorantes
67%
P FKN R
67%
Puesto Pa' Guerrial
67%
Que Malo
56%
Vete
56%
No matching quizzes found
Score Distribution
Percent of People with Each Score
Percentile by Number Answered
Your Score History
You have not taken this quiz